00697 2200217 4500001002100000005001700021008004100038035002500079040001200104082001200116084001700128100002300145245013800168260004600306300003400352500003100386650002100417700001100438850001200449990001800461INLIS00000000001072320150820090857.0  a0010-081500000002161 aYOPDYOG 223a632 aSK 632 Ika T aIKA Puji Rahmawati aTingkat parasitasin parasitoid soliter (Htmenoptera: Braconidae) pada lalat buah melinjo (Diptera: Tephritidae)c/ Ika Puji Rahmawati aYogyakartabUniversitas Gadjah Madac2007 ax, 28 hlm.b: ilus.c; 21 cm. aSkripsi Fakultas Pertanian aPenyakit tanaman aSUPUTA aYOPDYOG a48648-PD/A.15